01010nam a22002297a 4500003000900000008004100009040007100050082004500121110005500166245006800221260004300289300002800332440005900360505020100419650001000620650001000630650002300640650002300663650002600686650001300712710005500725AR-CdUCM190425b ||||| |||| 00| 0 spa d aMUNICIPALIDAD PROVINCIAL DEL CUSCOcBIBLIOTECA MUNICIPAL DEL CUSCO aRev.Univ/N°39/1922bRev.Univ/N°39/1922 aUniversidad Nacional de San Antonio Abad del Cusco aRevista Universitaria :bÓrgano de la Universidad del Cuzco / aCusco :bH. G. Rozas,cdiciembre 1922. a50 páginas. :c20 cm. aRevista UniversitarianAño XI, diciembre 1922, N°39 aContenido: Glosario de la vida inkaica. Luis E. Valcárcel. -- Historia crítica de la pintura en el Cuzco. Felipe Cossio y Pomar. -- Estudio económico de la provincia del Cuzco. Gerardo Roca. aIncas aInkas aPintura cusqueña aEscuela cusqueña aEconomía cusqueña aSiglo XX aUniversidad Nacional de San Antonio Abad del Cusco